000 01292nam a22002777a 4500
005 20170124103204.0
010 _aA-523179
020 _c00.00
035 _aA-523179
037 _bCen Lib/Ret
040 _aDPL
_bHN
082 _a330
_bमिश्रए
100 _aमिश्र, एस.के.
_992990
245 _aभारतीय अर्थव्यवस्था /
_cएस.के.मिश्र [और] वी.के.पुरी
246 _aBharteey arthvyavstha /
_bby S.K.Mishra [aur] V.K.Puri
250 _aतीसरा संस्करण
260 _aबम्बई
_bहिमालया पब्लिशिंग हाउस
_c1991
270 _a"रामदूत" डॉ.भालेराव मार्ग, गिरगाँव(केलेवाडी)
_bबम्बई
_e400 004
300 _axvi,980पृ.
_c20सेमी(सजिल्द)
650 _aआर्थिक विकास -- भारत
_992991
650 _aआर्थिक विकास -- जनसंख्या
_9780
650 _aEconomic development - India
_992992
650 _aEconomic Development - Population
_992993
700 _aपुरी, वी.के.
_973
942 _2ddc
_cHN
_h330
_mमिश्रए
999 _c120853
_d120853